|
|
|
|
| LEADER |
00000nam a22000007a 4500 |
| 005 |
20170117233636.0 |
| 007 |
cr|||| |||| |
| 008 |
170117s2016 es |||||s|||| 00||0 spa d |
| 020 |
|
|
|a 978-84-9085-898-1
|
| 035 |
|
|
|a 14656
|
| 040 |
|
|
|a vLex
|
| 090 |
|
|
|c 6520
|d 6520
|
| 100 |
1 |
|
|a Fayos Gard,̤ Antonio
|
| 245 |
1 |
2 |
|a La propiedad intelectual en la era digital
|h [Recurso electrn̤ico] /
|c Antonio Fayos Gard̤
|
| 256 |
|
|
|a Servicio en ln̕ea
|
| 260 |
|
|
|a Madrid:
|b Dykinson,
|c 2016
|
| 300 |
|
|
|a 1 recurso electrn̤ico
|
| 500 |
|
|
|a La propiedad intelectual es una materia compleja, polm̌ica y muy variable en el tiempo, y, al mismo tiempo, es un tema apasionante, representativo de nuestra p̌oca tecnolg̤ica, de sus avances y de sus contradicciones. Hablamos de un derecho que defiende la proteccin̤ de los autores frente a los que mantienen que los contenidos intelectuales deben ser de acceso libre, hablamos de sanciones y de piratera̕, de literatura, de ms︢ica, de cine, de contenidos en papel y en formato digital, de enseąnza y de otras muchas cuestiones. Y as ̕en este libro se estudian aspectos tan novedosos como la tasa Google, tan polm̌icos como las entidades de gestin̤, o tan importantes como las recientes reformas llevadas a cabo en el Cd̤igo Penal para castigar las infracciones de los derechos de autor. Y es que una obra que quiera tratar ms̀ o menos globalmente la propiedad intelectual ha de examinar aspectos bastante distintos, y as ̕se ha hecho en este libro. Por ello intervienen aqu ̕especialistas en distintas disciplinas, por un lado las jurd̕icas y por otro las relativas a los medios de comunicacin̤. Las distintas profesiones de los autores son muestra tambiň de la variedad de aspectos tratados y aqu ̕concurren profesores e investigadores universitarios de derecho y de comunicacin̤, junto a abogados y un fiscal del Tribunal Constitucional. La obra es interesante pues para juristas, para expertos en comunicacin̤ y en general para cualquier persona interesada en las nuevas tecnologa̕s y la proteccin̤ de los derechos en las mismas. En suma: es t︢il para cualquiera que quiera investigar sobre la cultura de nuestra p̌oca, que es al fin y al cabo de lo que se habla aqu.̕
|
| 506 |
1 |
|
|a Disponible solo en los productos indicados
|d vLex Global
|d vLex Global (Academic Edition, excluding Law Schools)
|d vLex Global (U.S. Academic Edition, Law Schools)
|d vLex Global (U.S. Academic Edition, excluding Law Schools)
|d vLex Global (Academic Edition, Law Schools)
|
| 650 |
0 |
4 |
|a Derecho Civil
|z Espaą
|
| 740 |
0 |
|
|a vLex Libros (Servicio en ln̕ea)
|
| 856 |
4 |
0 |
|u http://vlex.com/source/propiedad-intelectual-en-la-era-digital-14656
|z Acceso restringido
|
| 942 |
|
|
|c BOOK
|
| 999 |
0 |
|
|a Civil Law
|